Responses for show #3331 - Monday, February 15, 1999

1999 Tournament of Champions semifinal game 1.

Contestants

[<< previous game]

Juliet Wiley, a stay-at-home mom from Plano, Texas

Lance Johnson, a warehouse associate from Champaign, Illinois

Andrew Maly, an environmental engineer from Bel Air, Maryland

[next game >>]

Jeopardy! Round responses

GEORGE WASHINGTON
(Alex: In honor of Presidents' Day.)
NO. 1 ALBUMS
THE NEW TESTAMENT
OLYMPIC POTPOURRI
FOREIGN CURRENCY
WORDS WITHIN WORDS
    $100 6
Harry Lee

Andrew
    $100 11
John Lennon

Juliet
    $100 26
(Alex: Remember in the top clue, don't overcomplicate it!)

Timothy

Triple Stumper
    $100 16
Fencing

Andrew
    $100 1
Lira

Juliet
    $100 21
Red (irREDeemable)

Lance
    $200 7
The French & Indian War

Lance
    $200 12
Paula Abdul

Juliet
    $200 27
Charity

Andrew
    $200 17
Ankle

Juliet
    $200 2
Ho Chi Minh

Andrew
    $200 22
Mine (luMINEscent)

Andrew
    $300 8
Trenton

Andrew
    $300 13
The Eagles

Lance
    $300 28
Peter

Juliet
    $300 18
(Alex: The others sound like they'd be fun!)

Live pigeon-shooting

Andrew
    $300 3
Rupee

Lance
    $300 23
Tuna (unforTUNAte)

Triple Stumper
    $400 9
Surveyor

Juliet
    $400 14
Billy Joel

Lance
    $400 29
John

Juliet
    $400 19
Dressage

Andrew
    $400 4
Douglas MacArthur

Andrew
    $400 24
Lima (cLIMAx)

Andrew
    $500 10
(A: What is the Declaration of Independence?)

His Farewell Address

Andrew
Triple Stumper
    $500 15
Meat Loaf

Andrew
    $500 30
[Cutting to commercial, a shot of 1998 ToC finalists Kim Worth and Bob Harris in the audience]

Death

Lance
    $800 20
Lillehammer, Norway

Andrew
    $500 5
Paraguay

Juliet
    $500 25
Verse (oVERSEnsitive)

Lance

Scores at the first commercial break (after clue 15):

Andrew Lance Juliet
$1,000 $1,200 $1,300

Scores at the end of the Jeopardy! Round:

Andrew Lance Juliet
$3,400 $2,300 $2,200

Double Jeopardy! Round responses

BEING THOREAU
OFF WITH THEIR HEADS!
ASIAN NATIONS
DICE ROLL NICKNAMES
YOUNG WOMEN OF TODAY
ACRONYM EXCITEMENT!
    $200 1
(Lance: What is On Walden Pond?)

Walden/Life In The Woods

LanceJuliet
    $200 3
Anne Boleyn

Juliet
    $200 8
Myanmar

Lance
    $200 26
2

Lance
    $200 7
Queen Latifah

Andrew
    $200 21
World Health Organization

Lance
    $400 2
John Brown

Lance
    $400 9
(L: What is China?)

Saudi Arabia

LanceJuliet
    $400 16
Malaysia

Lance
    $400 27
Sixes

Juliet
    $400 10
Rebecca Lobo

Lance
    $400 22
(L: What is National Organization of Women?)

National Organization for Women

Lance
Triple Stumper
    $600 4
The Underground Railroad

Juliet
    $600 11
Oliver Cromwell

Juliet
    $600 17
(J: What is Siberia?)

Mongolia

LanceJuliet
    $600 28
1 & 2

Andrew
    $1,000 12
Mary Bono

Juliet
    $600 23
Bay Area Rapid Transit

Andrew
    $1,000 5
Civil Disobedience

Juliet
    $800 14
Robespierre

Lance
    $800 18
Iraq & Syria

Triple Stumper
    $800 29
Pair of 4's

Lance
    $800 13
Princess Stephanie

Lance
    $800 24
National Aeronautics and Space Administration

Lance
    $1000 6
Horace Greeley

Juliet
    $1000 15
Catherine Howard

Triple Stumper
    $1000 19
Bhutan

Triple Stumper
    $1000 30
Two 5's

Triple Stumper
    $1000 20
Renee Zellweger

Triple Stumper
    $1000 25
Microsoft - Disk Operating System

Andrew

Scores at the end of the Double Jeopardy! Round:

Andrew Lance Juliet
$5,800 $6,900 $7,000

[wagering suggestions for these scores]

Final Jeopardy! Round responses

WORLD CITIES
(Alex: The aldermen always used to elect the mayor, now for the first time, it's by popular vote.)
AndrewWhat is Hong Kong?
$5,800
LanceWhat is Hong Kong?
$6,900
JulietWhat is London?
$6,950
London

Final scores:

Andrew Lance Juliet
$0 $0 $13,950
3rd place: $5,000 2nd place: $5,000 Finalist

Game dynamics:

Coryat scores:

Andrew Lance Juliet
$5,500 $6,900 $6,400
16 R
(including 1 DD),
1 W
18 R,
3 W
17 R
(including 2 DDs),
1 W

Combined Coryat: $18,800

The J! Archive is created by fans, for fans. The Jeopardy! game show and all elements thereof, including but not limited to copyright and trademark thereto, are the property of Jeopardy Productions, Inc. and are protected under law. This website is not affiliated with, sponsored by, or operated by Jeopardy Productions, Inc. Join the discussion at JBoard.tv.